Neural Mechanisms of Perceptual Categorization as Precursors to Speech Perception (Record no. 33542)
[ view plain ]
| 000 -LEADER | |
|---|---|
| fixed length control field | 00647nam a2200133Ia 4500 |
| 008 - FIXED-LENGTH DATA ELEMENTS--GENERAL INFORMATION | |
| fixed length control field | 220620s9999||||xx |||||||||||||| ||und|| |
| 022 ## - INTERNATIONAL STANDARD SERIAL NUMBER | |
| International Standard Serial Number | 16648714 |
| 100 ## - MAIN ENTRY--PERSONAL NAME | |
| Personal name | Lynne E. Bernstein||Einat Liebenthal |
| 245 #0 - TITLE STATEMENT | |
| Title | Neural Mechanisms of Perceptual Categorization as Precursors to Speech Perception |
| 546 ## - LANGUAGE NOTE | |
| Language note | English[eng] |
| 650 ## - SUBJECT ADDED ENTRY--TOPICAL TERM | |
| Topical term or geographic name entry element | Audiovisual processing||Neuroimaging||category learning||auditory processing||Phonemic perception||Speech Perception||Categorization||Neural mechanism |
| 856 ## - ELECTRONIC LOCATION AND ACCESS | |
| Uniform Resource Identifier | <a href="http://journal.frontiersin.org/researchtopic/2017/neural-mechanisms-of-perceptual-categorization-as-precursors-to-speech-perception">http://journal.frontiersin.org/researchtopic/2017/neural-mechanisms-of-perceptual-categorization-as-precursors-to-speech-perception</a> |
| 942 ## - ADDED ENTRY ELEMENTS (KOHA) | |
| Koha item type | E-Books |
| Withdrawn status | Lost status | Damaged status | Not for loan | Home library | Current library | Date acquired | Total Checkouts | Date last seen | Price effective from | Koha item type |
|---|---|---|---|---|---|---|---|---|---|---|
| Kerala University of Digital Sciences, Innovation and Technology Knowledge Centre | Kerala University of Digital Sciences, Innovation and Technology Knowledge Centre | 20/06/2022 | 20/06/2022 | 20/06/2022 | E-Books |